| 000 | 01243nam a22002897a 4500 | ||
|---|---|---|---|
| 005 | 20240530110505.0 | ||
| 008 | 150801s2013 jo g b 000 0 ara d | ||
| 017 |
_a2011/11/4224 _bالاردن . رائرة المكتبة الوطنية |
||
| 020 | _a9789957244163 | ||
| 040 | _aEG-CaGPL | ||
| 082 | 0 | 4 |
_221 _a723.5\ _bهـ ح |
| 100 | 0 | _aهلز عنتر ولى المزورى . | |
| 245 | 1 | 2 |
_aالحركة العمرانية فى قرطبة و ضواحيها: _bخلال القرن الرابع الهجرى العاشر الميلادى / _cهلز عنتر ولى المزورى . |
| 250 | _aط1 | ||
| 260 |
_aعمان : _bدار صفاء للنشر والتوزيع ، _c2013 . |
||
| 300 |
_a255ص؛ _c24سم |
||
| 504 | _aببليوجرافية ص 233 - 255 | ||
| 650 | 0 | 4 | _aالعمارة الاسلامية فى الاندلس . |
| 650 | 0 | 4 |
_aالمساجد _zقرطبة . |
| 650 | 0 | 4 |
_aالقصور _zقرطبة . |
| 650 | 0 | 4 |
_aالمقابر _zقرطبة . |
| 650 | 0 | 4 | _aالاثار الاسلامية فى الاندلس . |
| 650 | 0 | 4 |
_aالحصون و القلاع _xعمارة _zقرطبة . |
| 650 | 0 | 4 |
_aالاسواق _xعمارة _zقرطبة . |
| 942 |
_2ddc _cBK |
||
| 999 |
_c61543 _d61543 |
||